[Event "World Blitz Women 2023"]
[Site "Samarkand UZB"]
[Date "2023.12.30"]
[Round "10.20"]
[White "Strutinskaia, Galina"]
[Black "Franco Valencia, Angela"]
[Result "0-1"]
[WhiteElo "2174"]
[BlackElo "2048"]
[EventDate "2023.12.29"]

1. d4 f5 2. Bg5 Nf6 3. Bxf6 exf6 4. e3 d5 5. c4 Bb4+ 6. Nc3 O-O 7. Qb3 a5
8. Bd3 dxc4 9. Bxc4+ Kh8 10. Ne2 Nc6 11. a3 Bd6 12. g3 Rb8 13. Nb5 Qe7 14.
O-O Nd8 15. Nxd6 Qxd6 16. Nf4 b5 17. Bd3 Ne6 18. Nxe6 Bxe6 19. Qc2 Qd7 20.
Rac1 Rfc8 21. Qc6 Qf7 22. Qf3 Qd7 23. Rc5 g6 24. Rfc1 c6 25. Rxc6 Kg7 26.
Rxc8 Rxc8 27. Rxc8 Qxc8 28. Bxb5 Qc1+ 29. Bf1 Bc4 30. Qg2 h5 31. h4 a4 32.
Qh3 Bd5 33. Kh2 Qxb2 34. Bg2 Qxf2 35. e4 Bxe4 36. d5 Qd4 37. Bxe4 Qxe4 38.
d6 Qd5 39. Qf1 Qxd6 40. Qf3 Qd2+ 41. Kg1 Qc1+ 42. Kg2 Qb2+ 43. Kg1 Qb3 44.
Qc6 Qxa3 45. Qd7+ Kh6 46. Qe8 Qc1+ 47. Kg2 Qc2+ 48. Kh3 Kh7 49. Qf7+ Kh6
50. Qxf6 Qc8 51. Qg5+ Kg7 52. Qe7+ Kg8 53. Qf6 f4+ 54. Kg2 Qc2+ 55. Kg1
fxg3 56. Qe6+ Kf8 57. Qf6+ Ke8 58. Qe6+ Kd8 59. Qd6+ Kc8 60. Qa6+ Kc7 61.
Qa7+ Kd6 62. Qb6+ Kd5 63. Qd8+ Kc4 64. Qc7+ Kb3 65. Qxg3+ Kb2 66. Qe5+ Kc1
67. Qe3+ Kb1 68. Qb6+ Ka2 69. Qe6+ Qb3 70. Qe2+ Qb2 71. Qe6+ Ka1 72. Qc4 a3
73. Kf1 Qb1+ 74. Ke2 Qa2+ 0-1

[Event "World Blitz Women 2023"]
[Site "Samarkand UZB"]
[Date "2023.12.30"]
[Round "10.21"]
[White "Kurmangaliyeva, Liya"]
[Black "Tohirjonova, Hulkar"]
[Result "1-0"]
[WhiteElo "2077"]
[BlackElo "2144"]
[EventDate "2023.12.29"]

1. e4 c6 2. d4 d5 3. Nc3 dxe4 4. Nxe4 Bf5 5. Ng3 Bg6 6. Be3 e6 7. h4 h6 8.
Bd3 Bxd3 9. Qxd3 Nf6 10. O-O-O Qa5 11. Kb1 Nbd7 12. Ne4 O-O-O 13. Ne2 Ne5
14. Qb3 Nxe4 15. dxe5 Bc5 16. f3 Nf2 17. Bxf2 Bxf2 18. f4 Rxd1+ 19. Rxd1
Rd8 20. Rh1 Bxh4 21. Nc3 Be7 22. Qc4 Qc5 23. Qe2 Qd4 24. g3 Qd2 25. Qf3 Qd4
26. a3 Qb6 27. Ka2 Rd4 28. Rd1 Qd8 29. Rxd4 Qxd4 30. Ne4 Qd5+ 31. Kb1 f5
32. exf6 gxf6 33. Qe2 f5 34. Nc3 Qd6 35. Qh5 Bf8 36. Qe8+ Kc7 37. Qf7+ Kc8
38. Qe8+ Kc7 39. Qf7+ Be7 40. Qg6 Bf8 41. Qf7+ Qe7 42. Qg6 b6 43. Ne2 c5
44. Nc3 Kb7 45. Nb5 a6 46. Nc3 Qd6 47. Qf7+ Kc6 48. Qe8+ Kb7 49. a4 Qe7 50.
Qg6 Qd7 51. Kc1 c4 52. Qg8 Bc5 53. Qg6 Be3+ 54. Kb1 Qd2 55. Qxe6 Qc1+ 56.
Ka2 Qxc2 57. Qd5+ Kc7 58. Qxc4+ Kd7 59. Qxa6 Bc5 60. Qb7+ Ke6 61. Qd5+ Kf6
62. Qe5+ Kg6 63. Qe6+ Kg7 64. Qd7+ Kg6 65. Nd5 Qc4+ 66. Kb1 Qd3+ 67. Ka2
Qc4+ 68. Kb1 Qe4+ 69. Ka1 Qe1+ 70. Ka2 Qxg3 71. Qe6+ 1-0

[Event "World Blitz Women 2023"]
[Site "Samarkand UZB"]
[Date "2023.12.30"]
[Round "10.22"]
[White "Serikbay, Assel"]
[Black "Getman, Tatyana"]
[Result "1/2-1/2"]
[WhiteElo "2126"]
[BlackElo "2014"]
[EventDate "2023.12.29"]

1. e4 e5 2. Nf3 Nc6 3. Bb5 a6 4. Ba4 Nf6 5. O-O Be7 6. d3 d6 7. c3 O-O 8.
h3 b5 9. Bb3 Bb7 10. Re1 Re8 11. Nbd2 Bf8 12. Nf1 h6 13. Ne3 Na5 14. Bc2 d5
15. exd5 Nxd5 16. Ng4 Nc6 17. Ngxe5 Nxe5 18. Nxe5 Bd6 19. d4 c5 20. Qd3 Nf6
21. Bf4 cxd4 22. cxd4 Bb4 23. Re2 Qd5 24. f3 Rad8 25. Bb3 Qxd4+ 26. Qxd4
Rxd4 27. Bxf7+ Kh7 28. Bg6+ Kg8 29. Bxe8 Nxe8 30. Be3 Rd5 31. f4 Nd6 32. a3
Ba5 33. b4 Bd8 34. Rd2 Bb6 35. Rxd5 Bxe3+ 36. Kh1 Bxd5 37. Rd1 Nf5 38. Rxd5
Ng3+ 39. Kh2 Nf1+ 40. Kh1 1/2-1/2

[Event "World Blitz Women 2023"]
[Site "Samarkand UZB"]
[Date "2023.12.30"]
[Round "10.23"]
[White "Bobomurodova, Maftuna"]
[Black "Ovezdurdyyeva, Jemal"]
[Result "1-0"]
[WhiteElo "1814"]
[BlackElo "2086"]
[EventDate "2023.12.29"]

1. e4 c5 2. Nf3 d6 3. d4 cxd4 4. Nxd4 Nf6 5. Nc3 a6 6. Bg5 Nbd7 7. Be2 h6
8. Be3 e6 9. a4 Be7 10. O-O O-O 11. f3 Qc7 12. Qe1 Ne5 13. Qg3 Kh8 14. Rad1
Nc4 15. Bc1 Qc5 16. Kh1 Bd7 17. b3 Ne5 18. Bb2 Nh5 19. Qf2 Nf4 20. g3 Nxe2
21. Qxe2 Bf6 22. Qd2 Rac8 23. Nce2 Rfd8 24. c4 Qb6 25. Ba3 Nc6 26. Nxc6
Bxc6 27. Qc2 d5 28. exd5 exd5 29. c5 Qc7 30. Nd4 Re8 31. Rf2 Bd7 32. Qd2
Bg5 33. f4 Bf6 34. Nf3 Bf5 35. Qxd5 Red8 36. Qxf5 Rxd1+ 37. Kg2 Qc6 38. b4
Qxa4 39. Qxc8+ Kh7 40. Qf5+ Kh8 41. Bb2 Qxb4 42. Bxf6 gxf6 43. Qxf6+ Kg8
44. Re2 Qb5 45. Qe5 Kh7 46. Qe4+ Kg7 47. Ne5 Qxc5 48. Ng4 Rg1+ 49. Kf3 Rf1+
50. Nf2 b5 51. Kg2 Rc1 52. f5 Rc4 53. Qd3 b4 54. Ne4 Qd4 55. f6+ Kg6 56.
Qf3 Rc1 57. Qg4+ 1-0

[Event "World Blitz Women 2023"]
[Site "Samarkand UZB"]
[Date "2023.12.30"]
[Round "10.24"]
[White "Malikova, Marjona"]
[Black "Balajayeva, Khanim"]
[Result "0-1"]
[WhiteElo "1730"]
[BlackElo "2207"]
[EventDate "2023.12.29"]

1. d4 Nf6 2. c4 e6 3. Nc3 Bb4 4. Qc2 O-O 5. e4 d5 6. e5 Ne4 7. Bd3 c5 8.
Nf3 cxd4 9. Nxd4 Nd7 10. Bf4 Ndc5 11. O-O Nxd3 12. Qxd3 Nxc3 13. bxc3 Be7
14. cxd5 Qxd5 15. c4 Qa5 16. Nb3 Qc7 17. Rac1 Bd7 18. Nd4 Rad8 19. Qg3 Kh8
20. Rfd1 Qa5 21. Rd2 Bb4 22. Nb3 Qa6 23. Rd3 Bc6 24. Nd4 Be4 25. Rdd1 Qxa2
26. Bg5 Rc8 27. h4 Rxc4 28. Rxc4 Qxc4 29. Nf3 Qc2 30. Rd7 a5 31. h5 h6 32.
Be3 a4 33. Rxb7 Bxb7 0-1

[Event "World Blitz Women 2023"]
[Site "Samarkand UZB"]
[Date "2023.12.30"]
[Round "10.25"]
[White "Yakubbaeva, Nilufar"]
[Black "Hamrakulova, Yulduz"]
[Result "1-0"]
[WhiteElo "2237"]
[BlackElo "1908"]
[EventDate "2023.12.29"]

1. e4 c6 2. d4 d5 3. Nd2 dxe4 4. Nxe4 Nd7 5. Nf3 Ngf6 6. Nxf6+ Nxf6 7. Bd3
Bg4 8. c3 e6 9. O-O Be7 10. Bg5 h6 11. Bh4 O-O 12. h3 Bxf3 13. Qxf3 Qd5 14.
Qe2 c5 15. dxc5 Qxc5 16. Bxf6 Bxf6 17. Qe4 g6 18. Qxb7 Rab8 19. Qf3 Bg7 20.
Rab1 Rfd8 21. Rfe1 e5 22. Bc2 f5 23. Bb3+ Kh7 24. Red1 e4 25. Qe2 a5 26.
Rxd8 Rxd8 27. Rd1 Rxd1+ 28. Qxd1 f4 29. Qd8 h5 30. Qd5 Qxd5 31. Bxd5 e3 32.
fxe3 fxe3 33. Kf1 Bh6 34. Ke2 Kg7 35. h4 Bf4 36. b4 axb4 37. cxb4 g5 38.
hxg5 Bxg5 39. a4 Kf6 40. b5 Ke5 41. Bf3 Kd6 42. Bxh5 Kc5 43. Be8 Kb6 44.
Bg6 Ka5 45. Bd3 Kxa4 46. Kf3 Ka5 47. Ke4 Kb6 48. Kf5 Bh4 49. g4 Kc5 50. g5
Kd4 51. Be2 Kc3 52. g6 Kd2 53. Bh5 1-0

[Event "World Blitz Women 2023"]
[Site "Samarkand UZB"]
[Date "2023.12.30"]
[Round "10.26"]
[White "Poliakova, Varvara"]
[Black "Ovod, Evgenija"]
[Result "1/2-1/2"]
[WhiteElo "2049"]
[BlackElo "2151"]
[EventDate "2023.12.29"]

1. e4 e5 2. Nc3 Nc6 3. Bc4 Bc5 4. Nf3 Nf6 5. d3 d6 6. a4 h6 7. h3 a5 8. O-O
O-O 9. Re1 Be6 10. Be3 Bxe3 11. Rxe3 Ne7 12. Bxe6 fxe6 13. d4 exd4 14. Nxd4
Qd7 15. e5 Nfd5 16. Nxd5 Nxd5 17. Re1 Nf4 18. exd6 cxd6 19. Qg4 Rf6 20. g3
Qf7 21. Kh2 e5 22. gxf4 Rxf4 23. Qe6 Rxd4 24. Qxf7+ Kxf7 25. Rad1 Rxd1 26.
Rxd1 Ke6 27. Kg3 Rc8 28. Rd2 Rc4 29. b3 Rf4 30. c4 g5 31. Rd5 Rd4 32. Rb5
Kf5 33. Rxb7 Rd3+ 34. Kg2 h5 35. b4 axb4 36. Rxb4 Ra3 37. h4 gxh4 38. Rb6
Rxa4 39. Rxd6 Rxc4 40. Rh6 Rg4+ 41. Kf3 Rf4+ 42. Kg2 Kg5 43. Rh8 h3+ 44.
Kg3 h2 45. Kxh2 Rxf2+ 46. Kg3 Rf6 47. Re8 Kf5 48. Rh8 Rg6+ 49. Kf3 e4+ 50.
Ke3 Rg3+ 51. Kf2 Rf3+ 52. Kg2 Kg4 53. Rg8+ Kf4 54. Rh8 Rg3+ 55. Kf2 e3+ 56.
Kf1 Rg5 57. Ke2 Re5 58. Rf8+ Kg4 59. Rg8+ Kf4 60. Rh8 Ra5 61. Rf8+ Kg4 62.
Kxe3 Kg3 63. Rg8+ Kh4 64. Kf3 Ra3+ 1/2-1/2

[Event "World Blitz Women 2023"]
[Site "Samarkand UZB"]
[Date "2023.12.30"]
[Round "10.27"]
[White "Rudzinska, Michalina"]
[Black "Kaliakhmet, Elnaz"]
[Result "1-0"]
[WhiteElo "2113"]
[BlackElo "1839"]
[EventDate "2023.12.29"]

1. e4 c5 2. Nf3 Nc6 3. d4 cxd4 4. Nxd4 Nf6 5. Nc3 d6 6. f3 e5 7. Nb3 Be7 8.
Be3 Be6 9. Qd2 d5 10. exd5 Nxd5 11. Nxd5 Qxd5 12. Qxd5 Bxd5 13. O-O-O O-O-O
14. Bb5 a6 15. Bd3 Kc7 16. Kb1 g6 17. a4 f5 18. a5 Kb8 19. Bb6 Rd7 20. Bc4
Nd4 21. Nxd4 exd4 22. Rxd4 Bc6 23. Re1 Bf6 24. Rxd7 Bxd7 25. Rd1 Kc8 26.
Bd5 Be8 27. Be6+ Kb8 28. Bd8 Be5 29. g3 Bc6 30. f4 Bg7 31. Bb6 Bf6 32. Bd5
Bxd5 33. Rxd5 Re8 34. Rd7 Re1+ 35. Ka2 Re2 36. Rf7 Re6 37. Rf8+ 1-0

[Event "World Blitz Women 2023"]
[Site "Samarkand UZB"]
[Date "2023.12.30"]
[Round "10.28"]
[White "Yan, Tianqi"]
[Black "Karimova, Guldona"]
[Result "1-0"]
[WhiteElo "2086"]
[BlackElo "1547"]
[EventDate "2023.12.29"]

1. e4 c5 2. Nf3 e6 3. d4 cxd4 4. Nxd4 Nf6 5. Nc3 d6 6. g4 h6 7. h4 Be7 8.
Be3 a6 9. Bg2 Qc7 10. g5 hxg5 11. hxg5 Rxh1+ 12. Bxh1 Nfd7 13. Qh5 Ne5 14.
O-O-O Nbc6 15. f4 Nc4 16. Bg1 e5 17. Nd5 Qa5 18. Nxc6 bxc6 19. Nc3 Rb8 20.
g6 f6 21. Qh8+ Bf8 22. Rd3 Rxb2 23. fxe5 fxe5 24. Rf3 Rb1+ 25. Kxb1 Qb4+
26. Kc1 Qb2+ 27. Kd1 Bg4 28. Qxf8+ Kd7 29. Qxg7+ Kc8 30. Qg8+ Kb7 31. Qxc4
Qa1+ 32. Kd2 Bxf3 33. Bxf3 Qxg1 34. Qf7+ Kb6 35. g7 Qf2+ 36. Ne2 Qc5 37.
g8=Q Qb4+ 38. Nc3 Qd4+ 39. Ke2 1-0

[Event "World Blitz Women 2023"]
[Site "Samarkand UZB"]
[Date "2023.12.30"]
[Round "10.29"]
[White "Shohradova, Lala"]
[Black "Kurbonboeva, Sarvinoz"]
[Result "1-0"]
[WhiteElo "1983"]
[BlackElo "2054"]
[EventDate "2023.12.29"]

1. d4 d5 2. c4 e6 3. Nc3 c6 4. cxd5 exd5 5. Qc2 g6 6. Nf3 Bf5 7. Qb3 Qb6 8.
Bf4 Qxb3 9. axb3 Na6 10. e3 Nb4 11. Kd2 Be7 12. Be2 Nf6 13. Ne5 Nd7 14. Nd3
f6 15. Ra4 Nxd3 16. Bxd3 Bxd3 17. Kxd3 Nb6 18. Ra2 Kd7 19. Rha1 a6 20. f3
h5 21. h4 Bd6 22. Bxd6 Kxd6 23. Na4 Nd7 24. b4 Rae8 25. Nc5 Kc7 26. e4 Nb6
27. b3 Re7 28. Re2 Rhe8 29. Rae1 dxe4+ 30. fxe4 Rd8 31. Rf2 Rf8 32. Ref1
Ref7 33. Ne6+ Kd6 34. Nxf8 Rxf8 35. Rxf6+ Rxf6 36. Rxf6+ Ke7 37. Rxg6 Nd7
38. Rh6 Nf6 39. e5 Ng4 40. Rh7+ Ke6 41. Rxb7 Kd5 42. Rd7+ Ke6 43. Rd6+ Kf5
44. Rxc6 Nf2+ 45. Ke2 Ne4 46. Rxa6 1-0

[Event "World Blitz Women 2023"]
[Site "Samarkand UZB"]
[Date "2023.12.30"]
[Round "10.30"]
[White "Nadirjanova, Nodira"]
[Black "Aktamova, Zilola"]
[Result "0-1"]
[WhiteElo "2164"]
[BlackElo "1671"]
[EventDate "2023.12.29"]

1. Nf3 d5 2. b3 Nf6 3. Bb2 g6 4. c4 Bg7 5. cxd5 Qxd5 6. Nc3 Qd8 7. d4 O-O
8. e3 Bf5 9. Be2 c6 10. O-O Nbd7 11. Nh4 Be6 12. e4 Nb6 13. Nf3 Qc7 14. Ng5
Bd7 15. a4 a5 16. e5 Nfd5 17. Nge4 Bf5 18. Ng3 Nxc3 19. Bxc3 Nd5 20. Bb2
Be6 21. Bc4 Rad8 22. Qc1 Qc8 23. f4 Bf5 24. Ba3 Rfe8 25. Nxf5 Qxf5 26. Bxd5
Rxd5 27. Qe3 Bf8 28. e6 Qxe6 29. Qxe6 fxe6 30. Bc5 Bg7 31. Rad1 Red8 32.
Bb6 R8d7 33. Rfe1 Bxd4+ 34. Bxd4 Rxd4 35. Rxd4 Rxd4 36. Rxe6 Kf7 37. Re5 b6
38. g3 Rd3 39. Re4 Rxb3 40. Rc4 c5 41. Rc1 Rb4 42. Ra1 c4 43. Kf2 Rb3 44.
Ke2 Rb2+ 45. Ke3 Rxh2 46. Kd4 Rc2 47. Rb1 Ra2 48. Rxb6 Rxa4 49. Ra6 c3+ 50.
Kxc3 Ra3+ 51. Kd4 Rxg3 52. Rxa5 Kf6 53. Ke4 e6 54. Ra8 h5 55. Rf8+ Ke7 56.
Rg8 Kf7 57. Ra8 h4 58. Ra7+ Kf6 59. Rh7 h3 60. Rh6 Kg7 61. Rh4 Ra3 62. Ke5
Kf7 63. Rh7+ Kg8 64. Rh6 Kg7 65. Rh4 Rf3 66. Kxe6 h2 67. Rxh2 Rxf4 68. Ke5
Rf7 69. Ke4 g5 70. Ke3 Kg6 71. Rh8 g4 72. Rg8+ Kh5 73. Rh8+ Kg5 74. Ke2 g3
75. Rg8+ Kh4 76. Rh8+ Kg4 77. Rg8+ Kh3 78. Ke3 g2 79. Rh8+ Kg3 80. Rg8+ Kh2
81. Rh8+ Kg1 82. Ke2 Rf2+ 83. Ke1 Rf3 84. Ke2 Ra3 85. Rh5 Ra2+ 86. Ke3 Kf1
87. Rf5+ Ke1 88. Rg5 Ra3+ 89. Kf4 Kf1 0-1

[Event "World Blitz Women 2023"]
[Site "Samarkand UZB"]
[Date "2023.12.30"]
[Round "10.32"]
[White "Zhunusbekova, Aimonchok"]
[Black "Khamrakulova, Shakhnoza"]
[Result "1-0"]
[WhiteElo "1448"]
[BlackElo "2086"]
[EventDate "2023.12.29"]

1. Nf3 Nf6 2. g3 d5 3. Bg2 c5 4. O-O Nc6 5. d3 e5 6. Nbd2 Be7 7. c3 O-O 8.
Qc2 d4 9. Nc4 Qc7 10. a4 Be6 11. h3 e4 12. Ng5 Bxc4 13. dxc4 e3 14. fxe3
Qxg3 15. exd4 cxd4 16. Rf3 Qc7 17. Rxf6 g6 18. Rf1 dxc3 19. Qxc3 Bc5+ 20.
Kh1 Bd4 21. Bf4 Qb6 22. Qg3 Qxb2 23. Qh4 h5 24. Rab1 Qc3 25. Rxb7 Rac8 26.
Nxf7 Bf6 27. Nh6+ Kh8 28. Qf2 Na5 29. Bd6 Nxb7 30. Bxb7 Rxc4 1-0

[Event "World Blitz Women 2023"]
[Site "Samarkand UZB"]
[Date "2023.12.30"]
[Round "10.33"]
[White "Khamrakulova, Iroda"]
[Black "Zaksaite, Salomeja"]
[Result "0-1"]
[WhiteElo "2132"]
[BlackElo "2065"]
[EventDate "2023.12.29"]

1. e4 g6 2. d4 Bg7 3. Nf3 d6 4. g3 c6 5. Bg2 Nd7 6. O-O e5 7. c3 Ngf6 8.
Be3 O-O 9. Nbd2 Re8 10. Qc2 Ng4 11. Rfe1 Nxe3 12. Rxe3 Qc7 13. dxe5 dxe5
14. Rd1 Nf8 15. Nb3 b6 16. Red3 a5 17. Nbd2 Ba6 18. c4 Ne6 19. b3 Rad8 20.
Nf1 Nd4 21. Nxd4 exd4 22. R3d2 c5 23. h3 Bb7 24. f3 a4 25. h4 Ra8 26. Kf2
Bh6 27. Re2 Red8 28. Rd3 axb3 29. axb3 Ra1 30. Re1 Rda8 31. Rxa1 Rxa1 32.
Rd1 Ra5 33. Qb2 Qc8 34. b4 Ra4 35. bxc5 bxc5 36. Qc2 Qa8 37. Kg1 Ra2 38.
Qb3 Bc6 39. Qb6 Bf8 40. Rb1 Qa4 41. Qb8 Qc2 0-1

[Event "World Blitz Women 2023"]
[Site "Samarkand UZB"]
[Date "2023.12.30"]
[Round "10.34"]
[White "Altynbek, Aiaru"]
[Black "Naisanga, Sheba Valentine"]
[Result "1-0"]
[WhiteElo "1641"]
[BlackElo "1358"]
[EventDate "2023.12.29"]

1. d4 Nf6 2. c4 e6 3. Nf3 d5 4. g3 Nbd7 5. Bg2 c5 6. O-O Be7 7. cxd5 cxd4
8. dxe6 fxe6 9. Nxd4 Qb6 10. Nc3 O-O 11. b3 e5 12. Nf5 Qe6 13. Nd5 Bd6 14.
Nxf6+ Rxf6 15. Bd5 Qxd5 16. Qxd5+ Kf8 17. Nxd6 h6 18. Nxc8 Rxc8 19. Qxd7
Re8 20. Ba3+ Kg8 21. Qxe8+ Kh7 22. Rac1 Ra6 1-0

[Event "World Blitz Women 2023"]
[Site "Samarkand UZB"]
[Date "2023.12.30"]
[Round "11.1"]
[White "Gunina, Valentina"]
[Black "Lagno, Kateryna"]
[Result "1/2-1/2"]
[WhiteElo "2348"]
[BlackElo "2522"]
[EventDate "2023.12.29"]

1. d4 Nf6 2. c4 e6 3. Nf3 d5 4. Nc3 Nbd7 5. Bf4 dxc4 6. e3 b5 7. Nxb5 Bb4+
8. Nc3 Nd5 9. a3 Nxc3 10. Qd2 Bxa3 11. Qxc3 Bd6 12. Bxd6 cxd6 13. Bxc4 O-O
14. O-O Bb7 15. Be2 Qb6 16. Nd2 Rfc8 17. Qa3 Rc2 18. Nc4 Qc7 19. Qd3 Rxe2
20. Qxe2 Bd5 21. b3 f5 22. Rfc1 Qb7 23. Na5 Qb6 24. h3 Nf6 25. Qd3 Rd8 26.
Qc3 Rd7 27. Nc4 Qb7 28. f3 h6 29. Qb2 Kh7 30. Qa3 g5 31. Nxd6 Qb8 32. Nc4
g4 33. Ne5 Rg7 34. hxg4 fxg4 35. e4 Ba8 36. fxg4 Bxe4 37. Qa2 Nxg4 38. Qe2
Nf6 39. g4 Bd5 40. Rf1 Nxg4 41. Rf7 Nxe5+ 42. Rxg7+ Kxg7 43. Qxe5+ Qxe5 44.
dxe5 Bxb3 1/2-1/2

[Event "World Blitz Women 2023"]
[Site "Samarkand UZB"]
[Date "2023.12.30"]
[Round "11.2"]
[White "Dronavalli, Harika"]
[Black "Munkhzul, Turmunkh"]
[Result "1/2-1/2"]
[WhiteElo "2420"]
[BlackElo "2211"]
[EventDate "2023.12.29"]

1. Nf3 Nf6 2. g3 g6 3. b3 Bg7 4. Bb2 O-O 5. Bg2 d6 6. d4 Nbd7 7. O-O c6 8.
c4 Qc7 9. Nc3 Re8 10. Qc2 e5 11. e4 a5 12. h3 exd4 13. Nxd4 Nc5 14. Rad1
Nfd7 15. Rfe1 Nb6 16. Kh2 a4 17. b4 Ne6 18. Nce2 a3 19. Ba1 Nf8 20. Nf4 Qe7
21. Nd3 c5 22. Nb5 Be6 23. Bxg7 Kxg7 24. Nf4 Red8 25. Nd5 Bxd5 26. exd5 Qf6
27. bxc5 dxc5 28. Qe2 Ra4 29. Rc1 Rb4 30. Nxa3 Ra8 31. Nb5 Rb2 32. Rc2
Raxa2 33. Rec1 Nfd7 34. d6 Rxc2 35. Rxc2 Rxc2 36. Qxc2 Qe6 37. Bxb7 Qxc4
38. Qxc4 Nxc4 39. Bc6 Nce5 40. Bd5 Nb6 41. Ba2 f5 42. f4 Ned7 43. Kg2 Kf6
44. Kf2 g5 45. fxg5+ Kxg5 46. Ke3 Kf6 47. h4 Ke5 48. Bg8 h6 49. Ba2 Nc8 50.
Bb1 Nf6 51. Kf3 c4 52. Ba2 Nb6 53. Bb1 Nbd5 54. Ba2 c3 55. Bxd5 Kxd5 56.
Nxc3+ Kxd6 57. Ne2 Ke5 58. Nf4 Ne4 59. Ne2 Nd2+ 60. Ke3 Nc4+ 61. Kf3 Nd2+
62. Ke3 Nc4+ 63. Kf3 Nd2+ 1/2-1/2

[Event "World Blitz Women 2023"]
[Site "Samarkand UZB"]
[Date "2023.12.30"]
[Round "11.3"]
[White "Bodnaruk, Anastasia"]
[Black "Mammadzada, Gunay"]
[Result "1/2-1/2"]
[WhiteElo "2260"]
[BlackElo "2408"]
[EventDate "2023.12.29"]

1. e4 c5 2. Nc3 d6 3. Nge2 a6 4. d4 cxd4 5. Nxd4 Nf6 6. Nb3 e6 7. g4 h6 8.
Be3 b5 9. e5 Bb7 10. exf6 Bxh1 11. fxg7 Bxg7 12. f3 Qh4+ 13. Bf2 Qxh2 14.
Qe2 Nd7 15. O-O-O Qf4+ 16. Nd2 h5 17. Ne4 hxg4 18. Bg3 gxf3 19. Qd3 Qg4 20.
Nxd6+ Kf8 21. N2e4 Be5 22. Nxf7 Bxg3 23. Nxh8 Bf4+ 24. Kb1 Rd8 25. Nf6 Qf5
26. Nxd7+ Kg7 27. Qc3+ Be5 28. Qe3 Kxh8 29. Qh6+ Qh7 30. Qxe6 Bg7 31. Bd3
Qh6 32. Qe7 Rg8 33. Ne5 Bxe5 34. Qxe5+ Rg7 35. Qe8+ Rg8 36. Qe5+ Rg7 37.
Be4 Qh4 38. Qe8+ Rg8 39. Qe5+ Rg7 40. Qe8+ Rg8 41. Qe5+ Rg7 1/2-1/2

[Event "World Blitz Women 2023"]
[Site "Samarkand UZB"]
[Date "2023.12.30"]
[Round "11.4"]
[White "Assaubayeva, Bibisara"]
[Black "Kosteniuk, Alexandra"]
[Result "0-1"]
[WhiteElo "2476"]
[BlackElo "2455"]
[EventDate "2023.12.29"]

1. d4 f5 2. Nc3 Nf6 3. Bg5 d5 4. Bxf6 exf6 5. e3 c6 6. Bd3 Qb6 7. Rb1 Be6
8. Qf3 g6 9. g4 Nd7 10. gxf5 Bf7 11. fxg6 hxg6 12. Nge2 O-O-O 13. h4 Bd6
14. a3 Rde8 15. b4 f5 16. h5 Qd8 17. Kd2 Qf6 18. hxg6 Bxg6 19. Nf4 Bf7 20.
Rxh8 Rxh8 21. Rh1 Rxh1 22. Qxh1 Bxf4 23. exf4 Qxd4 24. Ne2 Qf6 25. Qh7 Be6
26. Qh5 Nb6 27. Qe8+ Kc7 28. Ng3 Nc4+ 29. Bxc4 dxc4 30. Ne2 Bd7 31. Qe5+
Qd6+ 32. Nd4 b6 33. Ke3 c5 34. bxc5 bxc5 35. Nf3 Ba4 36. c3 Kc6 37. Qxf5
Qd1 38. Ne5+ Kb6 39. Nxc4+ Kb5 40. Qd3 Qe1+ 41. Kf3 Qh1+ 42. Kg3 Qg1+ 43.
Kh3 Qh1+ 44. Kg4 Bd1+ 45. Kg5 Qh5+ 46. Kf6 Qh8+ 47. Ke7 Qg7+ 48. Kd6 Qf6+
49. Kd7 Qf7+ 50. Kc8 Bg4+ 51. Kb8 Qxc4 52. Qb1+ Ka5 53. Qg6 Qb5+ 54. Kxa7
Qd7+ 55. Kb8 Qc8+ 56. Ka7 Qc7+ 57. Ka8 Bf3+ 0-1

[Event "World Blitz Women 2023"]
[Site "Samarkand UZB"]
[Date "2023.12.30"]
[Round "11.5"]
[White "Charochkina, Daria"]
[Black "Wagner, Dinara"]
[Result "1-0"]
[WhiteElo "2254"]
[BlackElo "2350"]
[EventDate "2023.12.29"]

1. d4 Nf6 2. c4 e6 3. Nc3 Bb4 4. e3 O-O 5. Bd2 b6 6. Nf3 d5 7. Rc1 Bd6 8.
cxd5 exd5 9. Nb5 c5 10. Nxd6 Qxd6 11. dxc5 bxc5 12. Bd3 Bg4 13. h3 Bh5 14.
Bc3 Nbd7 15. Be2 Ne4 16. O-O Rfe8 17. b3 Nxc3 18. Rxc3 Nf6 19. Qc2 Ne4 20.
Rd3 Rad8 21. Rfd1 Qe6 22. Ng5 Nxg5 23. Bxh5 Qe5 24. Be2 d4 25. f4 Nxh3+ 26.
gxh3 Qe4 27. Bf1 Rc8 28. Bg2 Qg6 29. e4 h5 30. Qf2 Rxe4 31. Rg3 Qe6 32. f5
Qe5 33. Bxe4 Qxe4 34. f6 g6 35. Re1 Qd5 36. Qf4 Kh7 37. Rg5 Qc6 38. Re7 Rf8
39. Qg3 Kh6 40. Rxh5+ Kxh5 41. Qg4+ Kh6 42. Qh4# 1-0

[Event "World Blitz Women 2023"]
[Site "Samarkand UZB"]
[Date "2023.12.30"]
[Round "11.6"]
[White "Garifullina, Leya"]
[Black "Omonova, Umida"]
[Result "1-0"]
[WhiteElo "2216"]
[BlackElo "2304"]
[EventDate "2023.12.29"]

1. e4 c5 2. Nf3 e6 3. d4 cxd4 4. Nxd4 Nc6 5. Nc3 Qc7 6. Be3 Nf6 7. Qf3 a6
8. O-O-O Ne5 9. Qg3 d6 10. f4 Nc4 11. Bxc4 Qxc4 12. e5 dxe5 13. fxe5 Nd5
14. Nxd5 exd5 15. Kb1 Qc7 16. Rhf1 Be6 17. Qf2 Qd7 18. Nb3 Be7 19. Qg3 g6
20. Bh6 O-O-O 21. Nd4 Kb8 22. Bg7 Rhe8 23. Bf6 Rc8 24. Bxe7 Rxe7 25. h3 h5
26. c3 b5 27. Qf2 Rc4 28. Nb3 Bf5+ 29. Ka1 Qc7 30. Rxd5 Be6 31. Rd6 Ra4 32.
Nc1 Rd7 33. Rfd1 Rxd6 34. exd6 Qc4 35. a3 Qc6 36. Qd2 Kc8 37. Qf2 Bf5 38.
Qa7 Rxa3+ 39. Na2 Rxa2+ 40. Kxa2 Qc4+ 41. b3 Qe2+ 42. Ka3 Kd8 43. Qc7+ Ke8
44. d7+ Bxd7 45. Qxd7+ Kf8 46. Qd8+ Kg7 47. Qd4+ Kh7 48. Rd2 Qe1 49. Kb2 a5
50. Qf2 Qe6 51. Re2 Qd7 52. Qe3 a4 53. Qe7 Qd5 54. bxa4 bxa4 55. Qb4 Qd1
56. Rc2 Qd7 57. Ka3 Qd1 58. Kb2 Qd7 59. c4 Qd4+ 60. Qc3 Qb6+ 61. Ka2 Qc5
62. Qa3 Qc6 63. Qf3 Qd7 64. Rf2 Kg8 65. Qa8+ Kg7 66. Qd5 Qc7 67. c5 Qe7 68.
c6 Kh6 69. Qd2+ g5 70. Qd5 f6 71. Qc4 Kg7 72. c7 Qe3 73. Rc2 1-0

[Event "World Blitz Women 2023"]
[Site "Samarkand UZB"]
[Date "2023.12.30"]
[Round "11.7"]
[White "Koneru, Humpy"]
[Black "Mkrtchyan, Mariam"]
[Result "1/2-1/2"]
[WhiteElo "2452"]
[BlackElo "2150"]
[EventDate "2023.12.29"]

1. d4 d5 2. c4 e6 3. Nf3 Nf6 4. Nc3 Nbd7 5. Qc2 dxc4 6. e4 c5 7. Bxc4 cxd4
8. Nxd4 Bc5 9. Nb3 Bb4 10. O-O O-O 11. Bf4 e5 12. Bg5 h6 13. Bh4 Bxc3 14.
Qxc3 Nxe4 15. Bxd8 Nxc3 16. Bc7 Na4 17. Bb5 Nab6 18. Rfd1 e4 19. Rac1 Nf6
20. Nc5 Bg4 21. Re1 Nbd5 22. Bg3 a6 23. Bc4 e3 24. fxe3 b5 25. Bb3 Rfe8 26.
e4 Nb4 27. e5 Nd7 28. Nxd7 Bxd7 29. Red1 Be6 30. Rd4 Nxa2 31. Bxa2 Bxa2 32.
b4 Bc4 33. Ra1 Kh7 34. Rd6 Kg8 35. h3 Re6 36. Rad1 a5 37. Rd8+ Rxd8 38.
Rxd8+ Kh7 39. bxa5 Ra6 40. Be1 Kg6 41. Rd6+ Rxd6 42. exd6 Kf6 43. a6 Ke6
44. a7 Bd5 45. Bb4 Kd7 46. g3 Kc8 47. Kf2 f5 48. h4 g5 49. hxg5 hxg5 50.
Ke2 Kd7 51. Ke3 Kc8 52. Kd4 Bc6 53. Ke5 f4 54. gxf4 gxf4 55. Kxf4 Kb7 56.
Bc5 b4 57. Ke3 b3 58. Kd2 Kc8 59. Kc3 Bd5 60. Kb2 Kd7 61. Kc3 Kc8 62. Ba3
Kd7 63. Kd4 b2 64. Bxb2 Kxd6 65. Ba3+ Ke6 66. Kc5 Be4 67. Kb6 Kf5 68. Kc7
Kg4 69. Bc5 Kf3 70. Kd6 Bb7 71. Bb6 Be4 72. Ke5 Bb7 73. Kd6 Ba8 74. Kc7 Be4
75. Kb8 1/2-1/2